000 00609nam a2200205Ia 4500
008 251212s9999 xx 000 0 und d
020 _a9788429017151
082 _a342.4 D618c 2012 HNA
100 _aCanosa Usera, Raúl , director
_934862
245 0 _aDivisión de competencias y forma territorial del Estado.
250 _a1a. edición
260 _aEditorial Reus
260 _bMadrid, España
260 _c2012
300 _a166p.
500 _aColección Humberto Nogueira Alcalá
650 _aDerecho admnistrativo
_934863
650 _aDerecho constitucional
_91698
942 _cLIBRO
_2ddc
999 _c19784
_d19784